[Event "Karlsruhe Grenke op"]
[Site "Karlsruhe"]
[Date "2024.03.28"]
[Round "1"]
[White "Schlosser, Philipp"]
[Black "Quante, Lennart"]
[Result "1-0"]
[WhiteElo "2511"]
[BlackElo "2113"]
[PlyCount "43"]
[EventDate "2024.03.28"]
[EventType "swiss"]
[EventRounds "9"]
[EventCountry "GER"]
[SourceTitle "CB14_2024"]
[SourceDate "2024.04.01"]
[SourceVersion "1"]
[SourceVersionDate "2024.04.01"]
[SourceQuality "1"]

1. c4 g6 2. d4 Nf6 3. Nf3 Bg7 4. e3 0-0 5. Be2 b6 6. 0-0 Bb7 7. Nc3 Ne4 8. Nxe4 Bxe4 9. d5 e6 10. Nd4 exd5 11. f3 c5 12. Nb5 a6 13. Na3 dxc4 14. fxe4 b5 15. Nb1 Nc6 16. Nc3 Be5 17. Nd5 Qh4 18. Nf4 d6 19. Rb1 g5 20. g3 Qh6 21. Nd5 Qg6 22. Bg4 1-0

[Event "Oberliga Baden 2223"]
[Site "Germany"]
[Date "2023.02.26"]
[Round "7.2"]
[White "Stojanovic, Mihajlo"]
[Black "Schlosser, Philipp"]
[Result "1/2-1/2"]
[WhiteElo "2494"]
[BlackElo "2505"]
[PlyCount "91"]
[EventDate "2022.09.18"]
[EventType "team-tourn"]
[EventRounds "9"]
[EventCountry "GER"]
[SourceTitle "EXT 2024"]
[Source "ChessBase"]
[SourceDate "2023.10.10"]
[SourceVersion "1"]
[SourceVersionDate "2023.10.10"]
[SourceQuality "1"]
[WhiteTeam "Buchen"]
[BlackTeam "Baden-Baden III"]
[WhiteTeamCountry "GER"]
[BlackTeamCountry "GER"]

1. c4 c5 2. Nf3 Nf6 3. d4 cxd4 4. Nxd4 Nc6 5. Nc3 e6 6. a3 Be7 7. e4 0-0 8. Nf3 Qa5 9. Bd3 d5 10. exd5 exd5 11. cxd5 Nxd5 12. Bxh7+ Kxh7 13. Qxd5 Bf6 14. 0-0 Bxc3 15. Qd3+ Bf5 16. Qxc3 Qxc3 17. bxc3 b6 18. Re1 Rac8 19. Bf4 f6 20. h4 Rf7 21. Re3 Rd7 22. Rae1 Kg8 23. Re8+ Rxe8 24. Rxe8+ Kf7 25. Ra8 Ne7 26. Nd4 Be4 27. Rb8 Nc6 28. Nxc6 Bxc6 29. Be3 Re7 30. Rc8 Bd7 31. Rd8 Ke6 32. Rg8 Kf7 33. Rd8 Bc6 34. Rc8 Bb7 35. Rd8 Re8 36. Rd1 Bc6 37. h5 Re5 38. Rd6 Re6 39. Rd8 Re8 40. Rd6 Re6 41. Rd1 Re5 42. h6 gxh6 43. Bxh6 Rd5 44. Re1 Rd3 45. Rc1 Ba4 46. Be3 1/2-1/2

[Event "Baden Baden op"]
[Site "Baden-Baden"]
[Date "2023.02.20"]
[Round "6"]
[White "Faerber, David"]
[Black "Schlosser, Philipp"]
[Result "1/2-1/2"]
[WhiteElo "2379"]
[BlackElo "2493"]
[PlyCount "66"]
[EventDate "2023.02.17"]
[EventType "swiss"]
[EventRounds "9"]
[EventCountry "GER"]
[SourceTitle "CBM 212 Extra"]
[Source "ChessBase"]
[SourceDate "2023.03.31"]
[SourceVersion "1"]
[SourceVersionDate "2023.03.31"]
[SourceQuality "1"]

1. e4 e5 2. Nf3 Nc6 3. Bb5 a6 4. Ba4 Nf6 5. 0-0 Be7 6. d3 d6 7. c3 0-0 8. Re1 b5 9. Bc2 Bb7 10. Nbd2 Re8 11. Nf1 Nb8 12. Ng3 Nbd7 13. a4 Bf8 14. d4 g6 15. Bd3 c6 16. Be3 Bg7 17. h3 Qc7 18. Qd2 Rad8 19. axb5 axb5 20. Qc2 d5 21. dxe5 dxe4 22. Nxe4 Nxe4 23. Bxe4 Nxe5 24. Nxe5 Bxe5 25. Rad1 Rxd1 26. Rxd1 Bc8 27. Bf3 Be6 28. Qd2 c5 29. Re1 h5 30. Bg5 Kg7 31. Bh6+ Kh7 32. Bg5 Kg7 33. Bh6+ Kh7 1/2-1/2

[Event "Baden Baden op"]
[Site "Baden-Baden"]
[Date "2023.02.17"]
[Round "1"]
[White "Schlosser, Philipp"]
[Black "Peponis, Pantelis"]
[Result "1-0"]
[WhiteElo "2493"]
[BlackElo "1908"]
[PlyCount "59"]
[EventDate "2023.02.17"]
[EventType "swiss"]
[EventRounds "9"]
[EventCountry "GER"]
[SourceTitle "CBM 212 Extra"]
[Source "ChessBase"]
[SourceDate "2023.03.31"]
[SourceVersion "1"]
[SourceVersionDate "2023.03.31"]
[SourceQuality "1"]

1. c4 c5 2. Nf3 Nc6 3. Nc3 Nf6 4. g3 g6 5. Bg2 Bg7 6. d4 cxd4 7. Nxd4 0-0 8. 0-0 Qb6 9. Nc2 d6 10. b3 Be6 11. Nd5 Bxd5 12. cxd5 Ne5 13. Be3 Qa5 14. Bd2 Qb6 15. Rc1 a5 16. Be3 Qa6 17. h3 Rac8 18. Nd4 Ned7 19. a4 Nc5 20. Nb5 Rfd8 21. Rc4 Nfd7 22. Qb1 e5 23. dxe6 fxe6 24. Rfc1 Ne5 25. R4c2 Qa8 26. Nxd6 Rxd6 27. Rxc5 Rxc5 28. Rxc5 Qd8 29. Qc2 Qf6 30. Bxb7 1-0

[Event "Oberliga Baden 2223"]
[Site "Germany"]
[Date "2023.01.15"]
[Round "5.2"]
[White "Schlosser, Philipp"]
[Black "Ruff, Maximilian"]
[Result "1-0"]
[WhiteElo "2505"]
[BlackElo "2317"]
[PlyCount "159"]
[EventDate "2022.09.18"]
[EventType "team-tourn"]
[EventRounds "9"]
[EventCountry "GER"]
[SourceTitle "EXT 2024"]
[Source "ChessBase"]
[SourceDate "2023.10.10"]
[SourceVersion "1"]
[SourceVersionDate "2023.10.10"]
[SourceQuality "1"]
[WhiteTeam "Baden-Baden III"]
[BlackTeam "Karlsruhe"]
[WhiteTeamCountry "GER"]
[BlackTeamCountry "GER"]

1. d4 Nf6 2. c4 e6 3. Nc3 d5 4. cxd5 exd5 5. Bg5 Be7 6. e3 h6 7. Bh4 0-0 8. Bd3 Re8 9. Nge2 c6 10. 0-0 Nbd7 11. f3 b5 12. Rc1 Bb7 13. Bf2 Rc8 14. Ng3 b4 15. Nce2 Qa5 16. Qd2 Ba6 17. Bb1 c5 18. Nf5 Bf8 19. dxc5 Bxc5 20. Rfe1 Ne5 21. b3 Bf8 22. Nfd4 g6 23. h3 Qb6 24. Red1 Qd6 25. Ng3 Red8 26. Qe1 Rxc1 27. Rxc1 Rc8 28. Rd1 Qc7 29. Nge2 Qb7 30. Qd2 Kh7 31. Bh4 Ned7 32. Nf4 Kg8 33. Bf2 Qc7 34. Be1 Nb6 35. Nd3 Bxd3 36. Bxd3 Nbd7 37. Ba6 Re8 38. Bf2 Qd6 39. Bb5 a6 40. Bf1 Rc8 41. Ne2 g5 42. Ng3 Qc6 43. Bd3 a5 44. Nf5 Ne5 45. Bb1 Ng6 46. Bg3 Ne7 47. Nd4 Qc3 48. Qe2 Nc6 49. Nf5 Ne7 50. Nd6 Rc6 51. Nb5 Qc5 52. Nd4 Rc8 53. Qa6 Nh5 54. Bf2 Qc7 55. g4 Ng7 56. Qxh6 Ng6 57. Qxg5 Qd6 58. Nf5 Qe6 59. f4 Be7 60. Nxe7+ Nxe7 61. Kg2 Rc3 62. f5 Qe5 63. Qf4 Qxf4 64. exf4 Ne8 65. Re1 Kf8 66. Bd4 Rc8 67. f6 Nc6 68. Bc5+ Kg8 69. g5 Nc7 70. Bf5 Ra8 71. Bd7 Na7 72. Re7 Nab5 73. Bb6 Rb8 74. Bxa5 Ra8 75. Bxc7 Rxa2+ 76. Kf3 Nxc7 77. Bf5 Ra7 78. Rd7 Kf8 79. Rd8+ Ne8 80. h4 1-0

[Event "Staufer op 33rd"]
[Site "Schwaebisch Gmuend"]
[Date "2023.01.03"]
[Round "4"]
[White "Riehle, Marco"]
[Black "Schlosser, Philipp"]
[Result "1/2-1/2"]
[WhiteElo "2358"]
[BlackElo "2498"]
[PlyCount "94"]
[EventDate "2023.01.02"]
[EventType "swiss"]
[EventRounds "9"]
[EventCountry "GER"]
[SourceTitle "CBM 212 Extra"]
[Source "ChessBase"]
[SourceDate "2023.03.31"]
[SourceVersion "1"]
[SourceVersionDate "2023.03.31"]
[SourceQuality "1"]

1. e4 c6 2. c4 d5 3. exd5 cxd5 4. cxd5 Nf6 5. Nc3 Nxd5 6. Nf3 Nc6 7. Bb5 e6 8. 0-0 Be7 9. Re1 0-0 10. d4 Qd6 11. a3 Rd8 12. Ba4 Bd7 13. Ne4 Qc7 14. Bd2 Be8 15. Bc2 Qb6 16. Bc3 Rac8 17. Qd3 g6 18. h4 Bf8 19. h5 Bg7 20. hxg6 hxg6 21. Rad1 Na5 22. Nfg5 Nc4 23. Qh3 Nxb2 24. Nc5 Nxd1 25. Rxe6 Rd6 26. Rxd6 Qxd6 27. Qxc8 Qc6 28. Qxc6 Bxc6 29. Bxd1 Nxc3 30. Bb3 Nd5 31. Nf3 b6 32. Ne4 Nf4 33. Neg5 Bd5 34. Bxd5 Nxd5 35. Ne4 Kf8 36. Ne5 Ke7 37. Kf1 a5 38. Ke2 a4 39. Kd3 b5 40. Nc3 Nxc3 41. Kxc3 Ke6 42. Kb4 Bf8+ 43. Kxb5 Bxa3 44. Kxa4 Bb2 45. Kb3 Bxd4 46. Nd3 Kd5 47. Kc2 Ke4 1/2-1/2

[Event "Oberliga Baden 2223"]
[Site "Germany"]
[Date "2022.10.09"]
[Round "2.2"]
[White "Sieber, Fiona"]
[Black "Schlosser, Philipp"]
[Result "0-1"]
[WhiteElo "2280"]
[BlackElo "2505"]
[PlyCount "80"]
[EventDate "2022.09.18"]
[EventType "team-tourn"]
[EventRounds "9"]
[EventCountry "GER"]
[SourceTitle "EXT 2024"]
[Source "ChessBase"]
[SourceDate "2023.10.10"]
[SourceVersion "1"]
[SourceVersionDate "2023.10.10"]
[SourceQuality "1"]
[WhiteTeam "Hockenheim"]
[BlackTeam "Baden-Baden III"]
[WhiteTeamCountry "GER"]
[BlackTeamCountry "GER"]

1. e4 e6 2. d4 d5 3. e5 c5 4. c3 Nc6 5. Nf3 Bd7 6. Be2 Nge7 7. 0-0 Ng6 8. Be3 Be7 9. Nbd2 0-0 10. a3 cxd4 11. cxd4 f6 12. exf6 gxf6 13. b4 Bd6 14. Re1 Kh8 15. Nb3 b6 16. Rc1 Nce7 17. Qd2 Nf5 18. g3 Qe7 19. Bd3 Nxe3 20. Qxe3 Qg7 21. Kh1 Rae8 22. Bxg6 hxg6 23. Nh4 g5 24. Ng2 e5 25. Qf3 Qf7 26. dxe5 fxe5 27. Qe3 Qg6 28. Nd2 Kg7 29. Kg1 Rf6 30. Qb3 Qf7 31. Qe3 g4 32. Nh4 Rf8 33. Rf1 Bb5 34. Qg5+ Kh7 35. Qxg4 Bxf1 36. Rxf1 Rxf2 37. Qh3 Rxf1+ 38. Qxf1 Qxf1+ 39. Nxf1 a5 40. bxa5 Bc5+ 0-1

[Event "AUT-chT2W 2122"]
[Site "Austria"]
[Date "2022.03.12"]
[Round "10.4"]
[White "Schlosser, Philipp"]
[Black "Palac, Mladen"]
[Result "1/2-1/2"]
[WhiteElo "2507"]
[BlackElo "2517"]
[PlyCount "65"]
[EventDate "2021.10.15"]
[EventType "team-tourn"]
[EventRounds "11"]
[EventCountry "AUT"]
[SourceTitle "EXT 2023"]
[Source "ChessBase"]
[SourceDate "2022.10.05"]
[SourceVersion "1"]
[SourceVersionDate "2022.10.05"]
[SourceQuality "1"]
[WhiteTeam "Jenbach II"]
[BlackTeam "Schwarzach"]
[WhiteTeamCountry "AUT"]
[BlackTeamCountry "AUT"]

1. d4 Nf6 2. Nf3 d5 3. c4 e6 4. Nc3 Bb4 5. e3 0-0 6. Bd2 b6 7. cxd5 exd5 8. Rc1 Re8 9. Ne5 Bb7 10. Bb5 c6 11. Bd3 Bf8 12. 0-0 c5 13. Be1 Nc6 14. f4 cxd4 15. Nb5 a6 16. Nxd4 Nxe5 17. fxe5 Ne4 18. Bxe4 dxe4 19. Bg3 Bc5 20. b4 Bxd4 21. Qxd4 Qxd4 22. exd4 Rac8 23. Bf2 Kf8 24. Be3 Ke7 25. Kf2 Ke6 26. a3 Rxc1 27. Rxc1 Rc8 28. Rxc8 Bxc8 29. d5+ Kxd5 30. Bxb6 Bd7 31. Ke3 Kxe5 32. h4 g6 33. Bd4+ 1/2-1/2

[Event "AUT-chT2W 2122"]
[Site "Austria"]
[Date "2022.02.20"]
[Round "5.1"]
[White "Schlosser, Philipp"]
[Black "Breder, Dennis"]
[Result "1/2-1/2"]
[WhiteElo "2507"]
[BlackElo "2462"]
[PlyCount "71"]
[EventDate "2021.10.15"]
[EventType "team-tourn"]
[EventRounds "11"]
[EventCountry "AUT"]
[SourceTitle "EXT 2023"]
[Source "ChessBase"]
[SourceDate "2022.10.05"]
[SourceVersion "1"]
[SourceVersionDate "2022.10.05"]
[SourceQuality "1"]
[WhiteTeam "Jenbach II"]
[BlackTeam "Hohenems II"]
[WhiteTeamCountry "AUT"]
[BlackTeamCountry "AUT"]

1. d4 e6 2. Nf3 c5 3. e3 Nf6 4. c4 cxd4 5. exd4 d5 6. Nc3 Be7 7. cxd5 Nxd5 8. Bd3 0-0 9. 0-0 Nc6 10. Re1 Nf6 11. a3 b6 12. Bg5 Bb7 13. Bc2 Re8 14. Qd3 g6 15. h4 Nd5 16. Rad1 Bxg5 17. hxg5 Nxc3 18. Qxc3 Na5 19. Be4 Rc8 20. Qd3 Bxe4 21. Rxe4 Nc4 22. Qe2 Qd5 23. Ne5 Red8 24. Rd3 Nxe5 25. Rxe5 Rc1+ 26. Kh2 Qc4 27. b3 Qc7 28. f4 Rc2 29. Qe4 Qc6 30. d5 exd5 31. Rexd5 Re8 32. Qd4 Rce2 33. a4 Qe6 34. Rd8 Qg4 35. Rxe8+ Rxe8 36. Re3 1/2-1/2

[Event "AUT-chT 2122"]
[Site "Austria"]
[Date "2021.11.05"]
[Round "2.6"]
[White "Schlosser, Philipp"]
[Black "De Francesco, Klaus"]
[Result "1-0"]
[WhiteElo "2507"]
[BlackElo "2178"]
[PlyCount "57"]
[EventDate "2021.11.04"]
[EventType "team-tourn"]
[EventRounds "11"]
[EventCountry "AUT"]
[SourceTitle "CBM 205 Extra"]
[Source "ChessBase"]
[SourceDate "2022.01.31"]
[SourceVersion "1"]
[SourceVersionDate "2022.01.31"]
[SourceQuality "1"]
[WhiteTeam "Jenbach"]
[BlackTeam "Absam"]
[WhiteTeamCountry "AUT"]
[BlackTeamCountry "AUT"]

1. d4 Nf6 2. c4 e6 3. Nc3 Bb4 4. e3 0-0 5. Bd2 d5 6. Nf3 b6 7. cxd5 Nxd5 8. Nxd5 Bxd2+ 9. Nxd2 exd5 10. Rc1 c5 11. dxc5 bxc5 12. Rxc5 Na6 13. Rc3 Nb4 14. Rb3 Nxa2 15. Qa1 Qc7 16. Qxa2 Qc1+ 17. Ke2 a5 18. Rb6 Ba6+ 19. Kf3 Qd1+ 20. Kg3 h5 21. h3 Qxd2 22. Bxa6 d4 23. Qb3 h4+ 24. Kf3 dxe3 25. fxe3 Qd7 26. Qd3 Qc7 27. Qd6 Qc2 28. Bd3 Qa4 29. Qd4 1-0

[Event "Oberliga Baden 2122"]
[Site "Germany"]
[Date "2021.10.24"]
[Round "2.4"]
[White "Schlosser, Philipp"]
[Black "Kiefer, Gerhard"]
[Result "1-0"]
[WhiteElo "2507"]
[BlackElo "2227"]
[PlyCount "71"]
[EventDate "2021.10.10"]
[EventType "team-tourn"]
[EventRounds "11"]
[EventCountry "GER"]
[SourceTitle "EXT 2023"]
[Source "ChessBase"]
[SourceDate "2022.10.05"]
[SourceVersion "1"]
[SourceVersionDate "2022.10.05"]
[SourceQuality "1"]
[WhiteTeam "Baden-Baden III"]
[BlackTeam "Emmendingen"]
[WhiteTeamCountry "GER"]
[BlackTeamCountry "GER"]

1. c4 e5 2. g3 Nf6 3. Bg2 d5 4. cxd5 Nxd5 5. Nf3 Nc6 6. 0-0 Nb6 7. b3 Be7 8. Bb2 Bf6 9. Nc3 e4 10. Ne1 Bf5 11. Nc2 Qd7 12. Qc1 Qe6 13. Ne3 Bg6 14. f3 0-0-0 15. Nxe4 Nd4 16. Rf2 Bxe4 17. fxe4 Kb8 18. Nf5 Be5 19. e3 Nxf5 20. exf5 Bxb2 21. Qxb2 Qh6 22. Rc1 Rhe8 23. a4 Nd5 24. b4 Qf6 25. Qb3 Qd6 26. b5 Rd7 27. a5 Nf6 28. Rc4 Rde7 29. a6 b6 30. Rd4 Qc5 31. Rff4 Qe5 32. Qc4 c5 33. bxc6 Kc7 34. Rd7+ Rxd7 35. cxd7+ Kxd7 36. Bc6+ 1-0